| 000 | 00638nam a2200229 a 4500 | ||
|---|---|---|---|
| 999 |
_c5912 _d5912 |
||
| 001 | 5912 | ||
| 003 | BD-JhCC | ||
| 005 | 20210927134020.0 | ||
| 008 | 171230s2000 bg a|||| ||a| 00| 0 eng d | ||
| 035 | _a(BD-JhCC)5912 | ||
| 040 |
_aBD-JhCC _dBD-JhCC |
||
| 041 | _aeng | ||
| 082 |
_a420 _bCOM 2000 |
||
| 100 | _aBegum, Syeda Sanjida | ||
| 245 |
_aCommunicative Conversation in English / _cSyeda Sanjida Begum, Ahsanul haque ( Four Chapter) |
||
| 260 |
_aDhaka : _bSolaimany Printers, _c2000. |
||
| 300 |
_a125 p. : _bills; _c21 cm. |
||
| 650 | _aEnglish Education | ||
| 700 | _ahaque, Ahsanul | ||
| 942 |
_2ddc _cBK _02 |
||